000 00654nam a2200217Ii 4500
003 JO-AjNU
008 230606s9999||||xx |||||||||||||| ||und||
020 _a978-0-13-157945-3
040 _aJO-AjNU
_beng
_erda
_cJO-AjNU
041 _aeng
050 1 4 _aQA76.D3.K359.2010
100 3 _aKroenke,David/Auer,david J,
_eauthor
_9545
245 0 0 _aDatabase Processing Fundamentals,Design,and Implementation
250 _a11 ed
264 3 1 _apearson printice hall:upper saddle,2010
300 _a635p
336 _atext
_btxt
_2rdacontent
337 _aunmediated
_bn
_2rdamedia
338 _avolume
_bnc
_2rdacarrier
650 4 _aDatabase Processing
_9546
999 _aE289
_c289
_d289